Chés poéyis d'Urope - Statistics

General Stats
  • This quiz has been taken 4 times
  • The average score is 14 of 45
Answers on the Map
Answers color-coded by a green-red scale on the quiz's map according to % correct below.
 
Answer Stats
Country % Correct
Bergik
67%
Danemark
67%
Finlande
67%
Norvège
67%
Suède
67%
Albanie
33%
Alémanne
33%
Andore
33%
Biélorussie
33%
Bulgarie
33%
Espanne
33%
Estonie
33%
Frinche
33%
Hongrie
33%
Italie
33%
Kosovo
33%
Kroatie
33%
Létonie
33%
Liechtenstein
33%
Lituanie
33%
Luxembourg
33%
Malte
33%
Moldavie
33%
Monako
33%
Montenegro
33%
Ostriche
33%
Polonne
33%
Portugal
33%
Roumanie
33%
Russie
33%
Serbie
33%
Sin Marin
33%
Slovakie
33%
Slovenie
33%
Suisse
33%
Vatican
33%
Bosnie-Érzégovine
0%
Bos-Poéyis
0%
Grèche
0%
Irlinde
0%
Isselinde
0%
Machédoine d'euch Nord
0%
Oucrinne
0%
Républik tchétche
0%
Roéyôme-Uni
0%
No matching quizzes found
Score Distribution
Percent of People with Each Score
Percentile by Number Answered
Your Score History
You have not taken this quiz